| 000 | 00853nam a2200229 a 4500 | ||
|---|---|---|---|
| 001 | BRCA_822 | ||
| 005 | 20190320203150.0 | ||
| 008 | 880429s1988 nyua---##c---#000-0#eng-# | ||
| 020 | _a092942400X | ||
| 040 |
_aDLC _cDLC _dDLC |
||
| 050 | 4 |
_aNK7234 _b.S64 1988 |
|
| 100 | 1 |
_aSoeffing, D. Albert _92734 |
|
| 245 | 1 | 0 |
_aSilver Medallion Flatware _cD. Albert Soeffing ; photographs by Andrew Kohler ; designed and produced by Ray F. Patient. |
| 260 |
_aNueva York _bNew Books _c1988 |
||
| 300 |
_a111 p. _bil. _c26 cm. |
||
| 650 | 1 | 4 |
_aPlatos y cubiertos de plata _xHistoria _ySiglo XIX _zEstados Unidos _92735 |
| 650 | 1 | 4 |
_aPlatos y cubiertos de plata _xPatrones _zEstados Unidos _92736 |
| 650 | 1 | 4 |
_aMedallones (Artes decorativas) _xHistoria _ySiglo XIX _zEstados Unidos _92737 |
| 700 | 1 |
_aKohler, Andrew _92738 |
|
| 700 | 1 |
_aPatient, Ray F _92739 |
|
| 942 |
_2lcc _cB |
||
| 999 |
_c717 _d717 |
||